00578 c a2200169 450000500170000000800420001702000150005910000170007424501140009125000110020526000420021630000280025850000460028650400210033265000270035370000280038020150310120539.0a071114s1984 sp a 000 0 spa u a84200052741 aAllen, David10aProducción planificada de vacuno de carne /cDavid Allen, Brian Kilkenny ; tr. José Fernández-Salguero. a1a ed. aZaragoza, España :bAcribia, c1984 a240 p. :bil. ;c25 cm. aTraducción de : Planned beef production aincluye índice 4aGanado de carne vacuno1 aKilkenny, Brian, coaut.